000 00632nam a2200181 a 4500
001 000031753
005 20240229073831.0
008 110701s1987 dr ac 000 0 spa d
040 _aDO-SdBNP
_bspa
_cBNPHU
082 _axxx
_bA473m
100 1 _aÁlvarez, Marisela,
_d1960-
_957991
245 1 0 _aMiss significa señorita en inglés :
_bDebate sobre concursos de belleza /
_cMarisela Álvarez, Luis Gabriel Castro, Angela Hernández.
260 _aSanto Domingo :
_bAlas,
_c1987.
300 _a28 p. :
_bil., retrs. ;
_c21 cm.
700 1 _aCastro, Luis Gabriel
_957992
700 1 _aHernández, Ángela,
_d1954-
_92564
049 _aBNPD
999 _c31245
_d31245